| 000 | 00566nam a22001577a 4500 | ||
|---|---|---|---|
| 003 | OSt | ||
| 005 | 20151106135231.0 | ||
| 008 | 130828t xxu||||| |||| 00| 0 eng d | ||
| 050 |
_aQA 273 _b.In61P2 2009 |
||
| 110 |
_aInternational Baccalaureate Organization _9203 |
||
| 245 |
_a2009 practice examination for use with the IB diploma programme : _bmathematics SL paper 2 / _cInternational Baccalaureate Organization |
||
| 260 |
_a[S.I.] : _bInternational Baccalaureate Organization, _cc2009. |
||
| 300 |
_a12 leaves : _bill ; _c30 cm. |
||
| 942 |
_2lcc _cBK |
||
| 999 |
_c9675 _d9675 |
||